Top 25 Trading Partners - Suriname - Statistics

General Stats
  • This quiz has been taken 59 times
  • The average score is 42 of 50
Answer Stats
Hint Answer % Correct
9th Place: 7,014 Netherlands
100%
2nd Place: 148,109 Netherlands
100%
10th Place: 3,751 United States of America
100%
1st Place: 276,299 United States of America
100%
20th Place: 564 Brazil
98%
6th Place: 25,523 Brazil
98%
5th Place: 19,732 China
98%
3rd Place: 102,744 China
98%
13th Place: 2,778 France
98%
6th Place: 15,331 Canada
94%
8th Place: 13,824 Canada
94%
11th Place: 12,698 Germany
94%
14th Place: 9,261 Mexico
94%
17th Place: 7,862 Colombia
93%
11th Place: 3,689 Guyana
93%
23rd Place: 5,304 Guyana
93%
5th Place: 35,170 Japan
93%
24th Place: 186 United Kingdom
93%
3rd Place: 90,714 Belgium
91%
9th Place: 13,676 Belgium
91%
22nd Place: 274 Venezuela
91%
15th Place: 9,035 Italy
89%
20th Place: 6,527 Dominican Republic
85%
7th Place: 12,859 India
85%
10th Place: 13,153 India
85%
16th Place: 804 Trinidad and Tobago
85%
4th Place: 45,442 Trinidad and Tobago
85%
7th Place: 18,391 Panama
83%
18th Place: 647 South Korea
83%
23rd Place: 207 South Korea
83%
19th Place: 591 Cuba
81%
24th Place: 5,293 Peru
81%
25th Place: 174 Indonesia
80%
21st Place: 6,159 Costa Rica
78%
21st Place: 306 Sweden
76%
8th Place: 12,758 Jamaica
74%
16th Place: 8,056 Jamaica
74%
14th Place: 2,023 Portugal
74%
1st Place: 389,445 Switzerland
74%
25th Place: 4,357 Barbados
70%
18th Place: 7,731 South Africa
70%
17th Place: 724 Thailand
67%
13th Place: 12,240 Thailand
67%
12th Place: 3,223 Vietnam
67%
19th Place: 6,998 Guatemala
63%
22nd Place: 5,880 Malaysia
63%
12th Place: 12,652 Turkey
63%
4th Place: 27,385 Singapore
61%
2nd Place: 292,389 United Arab Emirates
61%
15th Place: 1,325 Bangladesh
44%
No matching quizzes found
Score Distribution
Percent of People with Each Score
Percentile by Number Answered
Your Score History
You have not taken this quiz